LEADER 01018nam a2200205 i 4500 001 000000241954 003 CaOOAMICUS 005 20150525000000.0 008 150525s1736 it u000 u fre u 013 $a220859 026 $a19la e-e- rsle deno (3) 1736 (R) 040 $aSeMil$bita 245 10$aTome 7. 260 $aA Paris :$bChez Guillaume Cavelier, ruë S. Jacques, près la Fontaine S. Severin, au Lys d'or,$c1736. 300 $a[24], 480 p. 773 0 $aDuquet, Jacques Joseph <1649-1733>$tLettres sur divers sujets de morale et de piété, par l'auteur du Traité sur la prière publique. Tome 1. [10.].$dA Paris : Chez la Veuve Estienne, ruë Saint Jacques, à la Vertu, 1728-1735.$g7$w()31909 850 $aSeMil 852 $aSeMil$W1$xVenegono$y1$m3F I 385 FA$j192300$B192300$CSeMilBibl$Z2$F203114 $8I 996 $6245$aTome 7$9(OLS)http://semarc/title/1606 996 $6260$aA Paris :$bChez Guillaume Cavelier, ruë S. Jacques, près la Fontaine S. Severin, au Lys d'or$9(OLS)http://semarc/publisher/54677 LEADER 00995nam a2200217 i 4500 001 000000119220 003 CaOOAMICUS 005 20120827000000.0 008 120827s1911 it u000 u ita u 013 $a91913 040 $aSeMil$bita 100 1 $aLea, Henry Charles,$d<1825-1909>.$0(OLS)http://semarc/name/4998 245 10$aVol. 2. 300 $a337 p. 490 0 $aBiblioteca del pensiero religioso moderno : serie nuova ;$v3.-4 773 0 $aLea, Henry Charles <1825-1909>$tStoria del celibato ecclesiastico nella Chiesa Cristiana.$b1. ed unica traduzione italiana sulla 3. ed. inglese riveduta.$dMendrisio : Cultura moderna, 1911.$kBiblioteca del pensiero moderno$g2$w()10259 830 0$aBiblioteca del pensiero religioso moderno ;$v3.-4.$0(OLS)http://semarc/title/13556 850 $aSeMil 852 $aSeMil$W1$xVenegono$y1$m2H III 47$j74453$B74453$CSeMilBibl$Z2$F76716 $81 961 $aRecupero: Biblioteca Seminario Saronno 996 $6245$aVol. 2$9(OLS)http://semarc/title/13458